[Event "4NCL/Div1/WGR vs. BAR2"]
[Site "Wokefield Park ENG"]
[Date "2008.01.13"]
[Round "6.1"]
[White "Turner, Matthew J"]
[Black "Berry, Neil"]
[Result "1/2-1/2"]
[WhiteElo "2484"]
[BlackElo "2319"]
[PlyCount "118"]
[EventDate "2008.01.13"]
[EventCountry "ENG"]
[SourceDate "2007.09.15"]

1. d4 d5 2. c4 c6 3. Nf3 Nf6 4. e3 a6 5. Nbd2 Bf5 6. Qb3 Qc7 7. Bd3 Bxd3 8.
Qxd3 e6 9. O-O Nbd7 10. b3 Bd6 11. Bb2 O-O 12. e4 dxe4 13. Nxe4 Nxe4 14. Qxe4
Rfe8 15. Rfe1 Qa5 16. d5 cxd5 17. Qg4 Bf8 18. cxd5 Qxd5 19. Red1 Qb5 20. Ng5
Rad8 21. Rd2 h6 22. Nf3 Nb6 23. Rad1 Rxd2 24. Rxd2 Qf5 25. Qxf5 exf5 26. g3 Bb4
27. Rc2 Rc8 28. Rxc8+ Nxc8 29. h4 Nd6 30. Kg2 Ne4 31. h5 Bc3 32. Bxc3 Nxc3 33.
a4 g6 34. Ne5 Kg7 35. Nd7 Ne4 36. f3 Nd2 37. b4 Nc4 38. Nc5 Nd6 39. f4 Kf6 40.
Kf3 Ke7 41. Ke3 gxh5 42. Kd4 Ne4 43. Nxb7 Nxg3 44. Ke3 h4 45. Kf3 Ne4 46. Kg2
Kd7 47. Kh3 Kc7 48. Na5 Nc3 49. b5 axb5 50. axb5 Nd5 51. Kxh4 Nxf4 52. Nc4 Nd5
53. Ne5 f6 54. Nf7 Kb6 55. Nxh6 f4 56. Kg4 Kxb5 57. Ng8 f5+ 58. Kf3 Kc4 59. Nh6
Kd4 1/2-1/2

[Event "4NCL/Div1/WGR vs. BAR2"]
[Site "Wokefield Park ENG"]
[Date "2008.01.13"]
[Round "6.3"]
[White "Sowray, Peter J"]
[Black "Twyble, Michael S"]
[Result "1-0"]
[WhiteElo "2346"]
[BlackElo "2267"]
[PlyCount "75"]
[EventDate "2008.01.13"]
[EventCountry "ENG"]
[SourceDate "2007.09.15"]

1. c4 e5 2. Nc3 Nf6 3. Nf3 Nc6 4. e3 Bb4 5. Qc2 Bxc3 6. bxc3 O-O 7. d3 d6 8. g3
Qe8 9. e4 Nh5 10. Nh4 g6 11. Bh6 Ng7 12. Bg2 Bd7 13. O-O Ne7 14. f4 f6 15. Qd2
Kh8 16. Rf2 Ng8 17. fxe5 fxe5 18. Rxf8 Qxf8 19. Rf1 Qe8 20. d4 Nxh6 21. Qxh6
Kg8 22. Nf3 Ne6 23. d5 Qf8 24. Qh4 Nd8 25. Nxe5 Qg7 26. Nxd7 Qxd7 27. Bh3 Qg7
28. Qf4 h5 29. c5 g5 30. Qf5 Nf7 31. Qe6 g4 32. Rf6 Kf8 33. cxd6 cxd6 34. Qxd6+
Kg8 35. Qe6 Kf8 36. Bf1 Re8 37. Qf5 Re7 38. d6 1-0

[Event "4NCL/Div1/WGR vs. BAR2"]
[Site "Wokefield Park ENG"]
[Date "2008.01.13"]
[Round "6.4"]
[White "Lewis, Andrew P"]
[Black "Tiller, Bjorn"]
[Result "1/2-1/2"]
[WhiteElo "2292"]
[BlackElo "2389"]
[PlyCount "20"]
[EventDate "2008.01.13"]
[EventCountry "ENG"]
[SourceDate "2007.09.15"]

1. c4 g6 2. Nc3 Bg7 3. d4 d6 4. Nf3 c6 5. e4 a6 6. Be3 b5 7. h3 Nf6 8. e5 Nfd7
9. exd6 exd6 10. Qd2 O-O 1/2-1/2

[Event "4NCL/Div1/WGR vs. BAR2"]
[Site "Wokefield Park ENG"]
[Date "2008.01.13"]
[Round "6.5"]
[White "Pein, Malcolm"]
[Black "Kilpatrick, Callum"]
[Result "1-0"]
[WhiteElo "2395"]
[BlackElo "2209"]
[PlyCount "64"]
[EventDate "2008.01.13"]
[EventCountry "ENG"]
[SourceDate "2007.09.15"]

1. Nf3 Nf6 2. c4 g6 3. Nc3 d5 4. cxd5 Nxd5 5. g3 Bg7 6. Bg2 Nb6 7. d3 Nc6 8.
Be3 e5 9. Qd2 Nd4 10. Rc1 Nf5 11. Bc5 Nd7 12. Ba3 Bh6 13. e3 Bf8 14. Bxf8 Kxf8
15. e4 Nd4 16. Nxd4 exd4 17. Nb5 c5 18. b4 b6 19. O-O Ba6 20. a4 Bxb5 21. axb5
Rc8 22. Qh6+ Kg8 23. Bh3 Rc7 24. f4 Nf8 25. bxc5 bxc5 26. f5 f6 27. e5 fxe5 28.
fxg6 hxg6 29. Rxf8+ Qxf8 30. Be6+ Rf7 31. Qxg6+ Qg7 32. Bxf7+ Kf8 1-0

[Event "4NCL/Div1/WGR vs. BAR2"]
[Site "Wokefield Park ENG"]
[Date "2008.01.13"]
[Round "6.6"]
[White "Taylor, Peter"]
[Black "Law, Andrew P"]
[Result "1/2-1/2"]
[WhiteElo "2246"]
[BlackElo "2308"]
[PlyCount "72"]
[EventDate "2008.01.13"]
[EventCountry "ENG"]
[SourceDate "2007.09.15"]

1. d4 d5 2. c4 c6 3. Nf3 Nf6 4. Nc3 dxc4 5. a4 Bf5 6. e3 e6 7. Bxc4 Bb4 8. O-O
Nbd7 9. Qe2 Bg4 10. Rd1 Qa5 11. e4 Qh5 12. Rd3 O-O 13. h3 Bxf3 14. Rxf3 e5 15.
Qd3 h6 16. Rf5 Qg6 17. dxe5 Nc5 18. Qf3 Nfd7 19. Na2 a5 20. Be3 Nxa4 21. Nxb4
axb4 22. h4 Nab6 23. Rxa8 Nxc4 24. Rxf8+ Kxf8 25. Bd4 Qe6 26. b3 Ncxe5 27. Bxe5
Nxe5 28. Qd1 g6 29. Rf4 Ke7 30. h5 g5 31. Rf5 c5 32. Qa1 f6 33. Qa7 Qc6 34. Qb8
Qxe4 35. Qc7+ Nd7 36. Rf3 Qe1+ 1/2-1/2

[Event "4NCL/Div1/WGR vs. BAR2"]
[Site "Wokefield Park ENG"]
[Date "2008.01.13"]
[Round "6.7"]
[White "Hegarty, Sarah"]
[Black "Bigg, Andrew J"]
[Result "0-1"]
[WhiteElo "1967"]
[BlackElo "2231"]
[PlyCount "76"]
[EventDate "2008.01.13"]
[EventCountry "ENG"]
[SourceDate "2007.09.15"]

1. e4 e6 2. d3 d5 3. Nd2 Nf6 4. Ngf3 Nc6 5. e5 Nd7 6. Qe2 f6 7. exf6 Nxf6 8. g3
Bd6 9. Bg2 O-O 10. O-O e5 11. c4 Bg4 12. cxd5 Nd4 13. Qd1 Qd7 14. Nb3 Nxf3+ 15.
Bxf3 Qf5 16. Bxg4 Nxg4 17. f3 Nf6 18. Qe2 Nxd5 19. Bd2 b6 20. Qe4 Qf7 21. Kg2
a5 22. Nc1 Rad8 23. Ne2 Nf6 24. Qc4 Bc5 25. Bc3 Nd5 26. Bd2 Be3 27. Bc3 Bh6 28.
Kh1 Ne3 29. Qxf7+ Rxf7 30. Rg1 Rxf3 31. Bxe5 Rxd3 32. Nf4 Rd2 33. Bc3 Rc2 34.
Rac1 Rxc1 35. Rxc1 Nd5 36. Rd1 Nxc3 37. bxc3 Bxf4 38. gxf4 Rxc3 0-1

[Event "4NCL/Div1/CAMB1 vs. BAR1"]
[Site "Wokefield Park ENG"]
[Date "2008.01.13"]
[Round "6.1"]
[White "Mah, Karl C C"]
[Black "Parker, Jonathan"]
[Result "1/2-1/2"]
[WhiteElo "2406"]
[BlackElo "2535"]
[PlyCount "53"]
[EventDate "2008.01.13"]
[EventCountry "ENG"]
[SourceDate "2007.09.15"]

1. d4 Nf6 2. c4 e6 3. Nf3 b6 4. g3 Bb7 5. Bg2 Be7 6. O-O O-O 7. Nc3 Na6 8. b3
d5 9. cxd5 exd5 10. Bb2 Re8 11. Rc1 Bf8 12. a3 c5 13. e3 Ne4 14. dxc5 Nxc3 15.
Bxc3 bxc5 16. Qc2 Qe7 17. Rfd1 Rac8 18. Bb2 Red8 19. Rd2 Nc7 20. Qf5 Ne6 21.
Qg4 d4 22. exd4 cxd4 23. Rcd1 Bxf3 24. Bxf3 g6 25. Bxd4 Nxd4 26. Rxd4 Rxd4 27.
Qxd4 1/2-1/2

[Event "4NCL/Div1/CAMB1 vs. BAR1"]
[Site "Wokefield Park ENG"]
[Date "2008.01.13"]
[Round "6.3"]
[White "Moskovic, David M"]
[Black "Collins, Sam"]
[Result "0-1"]
[WhiteElo "2273"]
[BlackElo "2394"]
[PlyCount "66"]
[EventDate "2008.01.13"]
[EventCountry "ENG"]
[SourceDate "2007.09.15"]

1. e4 d6 2. f4 d5 3. e5 c5 4. d3 Nc6 5. g3 Nh6 6. Bg2 Bg4 7. Nf3 Nf5 8. h3 Bxf3
9. Qxf3 e6 10. O-O Ncd4 11. Qf2 Nxg3 12. Rd1 Nge2+ 13. Kh1 Nxc1 14. Rxc1 Be7
15. b4 Rc8 16. c3 Nf5 17. a3 g5 18. Nd2 gxf4 19. bxc5 Bxc5 20. d4 Be7 21. Nf1
Bh4 22. Qb2 b6 23. Rd1 O-O 24. Rac1 Kh8 25. c4 dxc4 26. d5 Qg5 27. d6 Rg8 28.
Rc3 Ne3 29. Nxe3 fxe3 30. d7 Bf2 31. Bf3 Rcd8 32. Rxc4 Qg3 33. Bg4 Rxg4 0-1

[Event "4NCL/Div1/CAMB1 vs. BAR1"]
[Site "Wokefield Park ENG"]
[Date "2008.01.13"]
[Round "6.4"]
[White "Cox, John J"]
[Black "Garner, David"]
[Result "1-0"]
[WhiteElo "2375"]
[BlackElo "2180"]
[PlyCount "153"]
[EventDate "2008.01.13"]
[EventCountry "ENG"]
[SourceDate "2007.09.15"]

1. d4 Nf6 2. c4 e6 3. g3 d5 4. Nf3 Bb4+ 5. Bd2 Bxd2+ 6. Nbxd2 O-O 7. Bg2 Nbd7
8. O-O b6 9. Qc2 Bb7 10. cxd5 exd5 11. b4 Re8 12. e3 c6 13. Qb2 Qe7 14. a4 a5
15. bxa5 Rxa5 16. Nb3 Qb4 17. Qa3 Qxa3 18. Rxa3 Ra7 19. Rfa1 Rea8 20. Ne1 Ne4
21. a5 Nd6 22. Bf1 Nc4 23. Bxc4 dxc4 24. Nd2 b5 25. Nc2 c5 26. dxc5 Nxc5 27.
Nb4 Rd8 28. R3a2 Ba8 29. Rf1 Rad7 30. Nb1 Ne4 31. a6 Nd2 32. Nxd2 Rxd2 33. Rxd2
Rxd2 34. a7 Kf8 35. Ra1 Ke7 36. e4 Kd6 37. Kf1 Kc5 38. Ke1 Rb2 39. Nd5 Kc6 40.
Ra6+ Kb7 41. Rd6 Kxa7 42. Rd7+ Kb8 43. Rxf7 Bxd5 44. exd5 c3 45. d6 Rd2 46. Rf5
Rxd6 47. Rxb5+ Kc7 48. Rb3 Rc6 49. Kd1 c2+ 50. Kc1 Kd6 51. Rb7 g6 52. Rxh7 Ke6
53. Rb7 Ke5 54. Rb2 Ke4 55. Rxc2 Rf6 56. f4 Kf3 57. Kd2 Re6 58. Rb2 Kg2 59.
Kd3+ Kf3 60. Kd4 Kg4 61. Kd5 Re3 62. Rb6 Kf5 63. Kd4 Re2 64. Rb5+ Kf6 65. h4
Rg2 66. Rg5 Re2 67. Kd3 Re1 68. Kd2 Re7 69. Re5 Rxe5 70. fxe5+ Kxe5 71. Ke3 Kf5
72. Kf3 g5 73. g4+ Kg6 74. h5+ Kf6 75. Ke4 Ke6 76. Kd4 Kf6 77. Kd5 1-0

[Event "4NCL/Div1/CAMB1 vs. BAR1"]
[Site "Wokefield Park ENG"]
[Date "2008.01.13"]
[Round "6.5"]
[White "Pickard, Charles"]
[Black "Devereaux, Maxim"]
[Result "0-1"]
[WhiteElo "2203"]
[BlackElo "2348"]
[PlyCount "84"]
[EventDate "2008.01.13"]
[EventCountry "ENG"]
[SourceDate "2007.09.15"]

1. Nf3 Nf6 2. c4 e6 3. g3 d5 4. Bg2 dxc4 5. Qa4+ Nbd7 6. Qxc4 a6 7. Qc2 c5 8.
O-O Be7 9. d4 O-O 10. a3 cxd4 11. Nxd4 Nc5 12. Nb3 Qb6 13. N1d2 Bd7 14. Nxc5
Bxc5 15. Nc4 Qa7 16. b4 Bd4 17. Be3 Rac8 18. Qd3 Bxe3 19. Qxe3 Qxe3 20. Nxe3
Rc7 21. a4 Rfc8 22. Rfd1 Kf8 23. Rd6 Rc1+ 24. Rd1 Rxd1+ 25. Nxd1 Nd5 26. Kf1
Rc4 27. Bxd5 exd5 28. Rb1 Bxa4 29. Ne3 Rd4 30. Nf5 Bc2 31. Nxd4 Bxb1 32. Nb3 b6
33. Ke1 Ba2 34. Nd4 Ke7 35. Kd2 g6 36. h4 Kf6 37. Kc3 a5 38. bxa5 bxa5 39. f3
h6 40. e3 Bc4 41. e4 a4 42. Nc2 Ke5 0-1

[Event "4NCL/Div1/CAMB1 vs. BAR1"]
[Site "Wokefield Park ENG"]
[Date "2008.01.13"]
[Round "6.6"]
[White "Knott, Simon"]
[Black "Eckersley-Waites, Adam"]
[Result "1-0"]
[WhiteElo "2374"]
[BlackElo "2199"]
[PlyCount "69"]
[EventDate "2008.01.13"]
[EventCountry "ENG"]
[SourceDate "2007.09.15"]

1. Nf3 g6 2. c4 Bg7 3. e4 d6 4. d4 Nf6 5. Nc3 O-O 6. Be2 e5 7. O-O Nc6 8. d5
Ne7 9. Ne1 Nd7 10. Nd3 f5 11. Bd2 Nf6 12. f3 f4 13. g4 g5 14. Be1 h5 15. h3 Rf7
16. Kg2 Bf8 17. Rh1 Rh7 18. Bf2 Ng6 19. c5 Bd7 20. Qb3 Qc8 21. Rag1 hxg4 22.
hxg4 dxc5 23. Nxc5 Bxc5 24. Bxc5 Rxh1 25. Rxh1 Nxg4 26. fxg4 Bxg4 27. Qd1 Bxe2
28. Qxe2 g4 29. Kg1 Qd7 30. Qh2 Qg7 31. Qh5 b6 32. Ba3 g3 33. Qg4 Nh8 34. Qe6+
Nf7 35. Rh4 1-0

[Event "4NCL/Div1/CAMB1 vs. BAR1"]
[Site "Wokefield Park ENG"]
[Date "2008.01.13"]
[Round "6.7"]
[White "Churm, Rohan M"]
[Black "Ferguson, Mark"]
[Result "0-1"]
[WhiteElo "2189"]
[BlackElo "2412"]
[PlyCount "110"]
[EventDate "2008.01.13"]
[EventCountry "ENG"]
[SourceDate "2007.09.15"]

1. e4 e5 2. Nf3 Nc6 3. Bb5 a6 4. Ba4 Nf6 5. O-O Be7 6. Re1 b5 7. Bb3 d6 8. c3
O-O 9. h3 Na5 10. Bc2 c5 11. d4 Qc7 12. Nbd2 Bd7 13. Nf1 Nc4 14. b3 Nb6 15. Ne3
g6 16. Qe2 Rfe8 17. dxe5 dxe5 18. c4 Bf8 19. g4 Bc6 20. Nd5 Bxd5 21. cxd5 c4
22. bxc4 Nxc4 23. Bd3 Bb4 24. Rd1 Bc3 25. Rb1 Nd6 26. Ba3 Nb7 27. Ne1 Qa5 28.
Nc2 Rac8 29. Bb4 Bxb4 30. Nxb4 Nc5 31. Rb2 Nxd3 32. Qxd3 Rc4 33. Nc6 Qa4 34. f3
Nd7 35. Rb3 Qxa2 36. Ra3 Qb2 37. Qe3 Rc2 38. Rb3 Rg2+ 39. Kf1 Qc2 40. Rc1 Rf2+
41. Kg1 Rg2+ 42. Kf1 Qa2 43. Ra3 Qb2 44. Rb3 Rf2+ 45. Kg1 Rxf3 46. Qxf3 Qxc1+
47. Kg2 Kg7 48. Qf2 Qc4 49. Rb4 Qc3 50. g5 Qc1 51. h4 h6 52. gxh6+ Qxh6 53. Rb1
Qh5 54. Kh3 Rh8 55. Rf1 g5 0-1

[Event "4NCL/Div1/CAMB1 vs. BAR1"]
[Site "Wokefield Park ENG"]
[Date "2008.01.13"]
[Round "6.8"]
[White "Lauterbach, Ingrid"]
[Black "Owens, Megan"]
[Result "1-0"]
[WhiteElo "2159"]
[BlackElo "1781"]
[PlyCount "91"]
[EventDate "2008.01.13"]
[EventCountry "ENG"]
[SourceDate "2007.09.15"]

1. Nf3 Nf6 2. g3 g6 3. Bg2 Bg7 4. O-O O-O 5. d3 d5 6. Nbd2 c5 7. e4 e6 8. c3
Nc6 9. Qc2 Bd7 10. Re1 Rc8 11. Nf1 d4 12. a4 Qb6 13. N1d2 Qc7 14. Nc4 e5 15.
Bd2 Be6 16. Rac1 Bxc4 17. dxc4 Rfe8 18. cxd4 cxd4 19. b4 b6 20. c5 Nb8 21. Bh3
Rcd8 22. c6 Na6 23. Qc4 Nb8 24. b5 Bf8 25. Qa2 h6 26. Nh4 Kh7 27. Bf1 Bc5 28.
Bd3 Re7 29. Ng2 Nh5 30. f4 exf4 31. Nxf4 Nxf4 32. Bxf4 Bd6 33. e5 Bc5 34. e6
Rd6 35. exf7 Rxf7 36. Bxd6 Bxd6 37. Qe6 Rg7 38. Kg2 Bb4 39. Rf1 Qd6 40. Qxd6
Bxd6 41. Rf6 Bc7 42. Re1 a6 43. Ree6 axb5 44. axb5 h5 45. Bxg6+ Kh8 46. Rf8+
1-0

[Event "4NCL/Div1/RIC vs. AD"]
[Site "Wokefield Park ENG"]
[Date "2008.01.13"]
[Round "6.1"]
[White "Gormally, Daniel W"]
[Black "Cernousek, Lukas"]
[Result "1/2-1/2"]
[WhiteElo "2495"]
[BlackElo "2422"]
[PlyCount "28"]
[EventDate "2008.01.13"]
[EventCountry "ENG"]
[SourceDate "2007.09.15"]

1. d4 d5 2. c4 dxc4 3. Nf3 Nf6 4. Nc3 c5 5. e4 cxd4 6. Qxd4 Qxd4 7. Nxd4 e5 8.
Ndb5 Kd8 9. Be3 Be6 10. O-O-O+ Nbd7 11. Bxa7 Rxa7 12. Nxa7 Ng4 13. f3 Nf2 14.
Be2 Nxh1 1/2-1/2

[Event "4NCL/Div1/RIC vs. AD"]
[Site "Wokefield Park ENG"]
[Date "2008.01.13"]
[Round "6.2"]
[White "Davies, Nigel R"]
[Black "Bates, Richard A"]
[Result "1/2-1/2"]
[WhiteElo "2480"]
[BlackElo "2375"]
[PlyCount "118"]
[EventDate "2008.01.13"]
[EventCountry "ENG"]
[SourceDate "2007.09.15"]

1. Nf3 Nf6 2. d4 g6 3. Bg5 Bg7 4. Nbd2 O-O 5. c3 d6 6. e4 c5 7. Be2 cxd4 8.
cxd4 h6 9. Bf4 e5 10. dxe5 Nh5 11. Be3 dxe5 12. O-O Nc6 13. Bc4 Nf4 14. g3 Nh3+
15. Kh1 Bg4 16. Be2 Be6 17. Nb3 Qf6 18. Nfd2 Rfd8 19. Bg4 Nb4 20. Bxe6 Qxe6 21.
Nc5 Qf6 22. Qb3 Nc2 23. Rad1 Nd4 24. Bxd4 Rxd4 25. Kg2 b6 26. Nf3 Rxd1 27. Rxd1
bxc5 28. Kxh3 c4 29. Qb7 Rf8 30. Kg2 Qb6 31. Rd7 Qxb7 32. Rxb7 Rd8 33. Rxa7 f5
34. Nh4 fxe4 35. Nxg6 Bf6 36. Ne7+ Bxe7 37. Rxe7 Rd5 38. Kf1 e3 39. fxe3 Rd2
40. Rb7 Rxh2 41. a4 c3 42. bxc3 Ra2 43. Rb4 Kf7 44. Ke1 h5 45. Rh4 Ke6 46. Kd1
Kd5 47. Kc1 Re2 48. c4+ Kd6 49. Re4 Rg2 50. c5+ Kd5 51. c6 Rxg3 52. c7 Rg8 53.
Rh4 Rc8 54. Rxh5 Rxc7+ 55. Kb2 Rc4 56. Kb3 Re4 57. Rh3 Kc5 58. Rg3 Rb4+ 59. Ka3
Re4 1/2-1/2

[Event "4NCL/Div1/RIC vs. AD"]
[Site "Wokefield Park ENG"]
[Date "2008.01.13"]
[Round "6.4"]
[White "Mestel, A Jonathan"]
[Black "Bisby, Daniel L"]
[Result "1-0"]
[WhiteElo "2470"]
[BlackElo "2278"]
[PlyCount "90"]
[EventDate "2008.01.13"]
[EventCountry "ENG"]
[SourceDate "2007.09.15"]

1. c4 e6 2. Nf3 Nf6 3. g3 d5 4. b3 Be7 5. Bg2 O-O 6. O-O b6 7. Bb2 Nbd7 8. e3
Bb7 9. Qe2 c5 10. d3 Qc7 11. Nc3 a6 12. Nd2 Rad8 13. f4 d4 14. exd4 cxd4 15.
Nd1 Bxg2 16. Kxg2 Nb8 17. Nf2 Nc6 18. a3 a5 19. Nf3 Bc5 20. Ne4 Ng4 21. Bc1
Rfe8 22. h3 Nh6 23. Ra2 Nf5 24. Ne1 Nd6 25. Qf3 f5 26. Nxd6 Qxd6 27. Re2 g6 28.
g4 Re7 29. gxf5 exf5 30. Rxe7 Nxe7 31. Nc2 Kf7 32. Re1 Rd7 33. Qe2 Nc6 34. Qe8+
Kg7 35. Re6 Re7 36. Rxd6 Rxe8 37. Rd7+ Kf6 38. Kf1 h5 39. Bd2 Ke6 40. Rc7 Ne7
41. b4 axb4 42. axb4 Bd6 43. Nxd4+ Kf6 44. Rb7 Nc8 45. Nb5 Be7 1-0

[Event "4NCL/Div1/RIC vs. AD"]
[Site "Wokefield Park ENG"]
[Date "2008.01.13"]
[Round "6.5"]
[White "Osborne, Marcus E"]
[Black "Jirka, Jiri"]
[Result "0-1"]
[WhiteElo "2278"]
[BlackElo "2391"]
[PlyCount "92"]
[EventDate "2008.01.13"]
[EventCountry "ENG"]
[SourceDate "2007.09.15"]

1. d4 d5 2. c4 c6 3. Nf3 Nf6 4. Nc3 a6 5. e3 b5 6. b3 Bf5 7. Ne5 h6 8. Bd3 Bxd3
9. Qxd3 e6 10. O-O Bd6 11. Qe2 O-O 12. Bb2 Ra7 13. Rfd1 Rc7 14. Rac1 Nbd7 15.
e4 b4 16. Nxd7 Rxd7 17. e5 bxc3 18. Bxc3 Ba3 19. exf6 Bxc1 20. fxg7 Kxg7 21.
Rxc1 Qf6 22. Bb4 Ra8 23. Bc5 Kh7 24. Rc3 Qg6 25. h3 Rg8 26. Qf1 dxc4 27. Rxc4
e5 28. g3 e4 29. Rc3 a5 30. Qe1 f5 31. Qe3 Qg5 32. Qe2 Rg6 33. Kh2 Re6 34. Qa6
f4 35. Qc8 Qg7 36. gxf4 Qf7 37. Rg3 Rf6 38. Rg4 Rxf4 39. Rxf4 Qxf4+ 40. Kg1
Rg7+ 41. Kf1 Qc1+ 42. Ke2 Qc2+ 43. Ke3 Qd3+ 44. Kf4 Qf3+ 45. Ke5 Qxf2 46. Qxc6
Rg5+ 0-1

[Event "4NCL/Div1/RIC vs. AD"]
[Site "Wokefield Park ENG"]
[Date "2008.01.13"]
[Round "6.7"]
[White "Meyer, Gordon"]
[Black "Snape, Ian"]
[Result "1/2-1/2"]
[WhiteElo "2154"]
[BlackElo "2213"]
[PlyCount "90"]
[EventDate "2008.01.13"]
[EventCountry "ENG"]
[SourceDate "2007.09.15"]

1. e4 c5 2. Nf3 d6 3. d4 cxd4 4. Nxd4 Nf6 5. Nc3 g6 6. Be2 Bg7 7. O-O O-O 8.
Nb3 Nc6 9. Bg5 b6 10. f4 Bb7 11. Bf3 b5 12. Kh1 b4 13. Nd5 e6 14. Nxf6+ Bxf6
15. Bxf6 Qxf6 16. Qxd6 Qxb2 17. Nc5 Rfd8 18. Qc7 Qd4 19. Nxe6 Rd7 20. Nxd4 Rxc7
21. Nb5 Rd7 22. Rad1 Rad8 23. Rxd7 Rxd7 24. Rd1 Rxd1+ 25. Bxd1 Bc8 26. c4 bxc3
27. Nxc3 Be6 28. Kg1 Kf8 29. Kf2 Ke7 30. Ke3 Kd6 31. Bb3 Bxb3 32. axb3 Kc5 33.
Nd5 Nb4 34. Nf6 Nc2+ 35. Kd2 Nd4 36. Nxh7 Kb4 37. Ng5 Nxb3+ 38. Kc2 a5 39. Nxf7
a4 40. Kb2 a3+ 41. Ka2 Nc1+ 42. Ka1 Kb3 43. Nd6 Nd3 44. Nb5 Nxf4 45. e5 Ne6
1/2-1/2

[Event "4NCL/Div1/RIC vs. AD"]
[Site "Wokefield Park ENG"]
[Date "2008.01.13"]
[Round "6.8"]
[White "Bellin, Jana"]
[Black "Chevannes, Sabrina"]
[Result "0-1"]
[WhiteElo "2170"]
[BlackElo "2074"]
[PlyCount "60"]
[EventDate "2008.01.13"]
[EventCountry "ENG"]
[SourceDate "2007.09.15"]

1. d4 Nf6 2. Nf3 d5 3. Bf4 c5 4. e3 Qb6 5. Qc1 Nc6 6. c3 Bf5 7. dxc5 Qxc5 8.
Nbd2 e6 9. Nb3 Qb6 10. Nbd4 Be4 11. Bb5 Bxf3 12. gxf3 Nd7 13. Nxc6 Qxb5 14. Nd4
Qa6 15. Nb3 b5 16. O-O h5 17. Qd1 g5 18. Bc7 Rc8 19. Ba5 Ne5 20. a4 Qd6 21. Bb4
Qc7 22. Bxf8 Kxf8 23. axb5 Ng4 24. f4 gxf4 25. Qd4 Rg8 26. exf4 Qd8 27. Rfe1
Nxh2+ 28. Kh1 Nf3 29. Qb4+ Ke8 30. f5 Qc7 0-1

[Event "4NCL/Div1/HKF1 vs. AD"]
[Site "Sunningdale ENG"]
[Date "2008.05.03"]
[Round "9.3"]
[White "Lindner, Daniel"]
[Black "Jirka, Jiri"]
[Result "0-1"]
[WhiteElo "2245"]
[BlackElo "2400"]
[PlyCount "54"]
[EventDate "2008.05.03"]
[EventCountry "ENG"]
[SourceDate "2007.09.15"]

1. Nf3 d5 2. d4 Nf6 3. c4 c6 4. Nc3 a6 5. a4 e6 6. Bg5 Nbd7 7. a5 h6 8. Bxf6
Qxf6 9. c5 e5 10. e3 g5 11. Be2 exd4 12. exd4 g4 13. Ng1 Bg7 14. Ra4 h5 15. Bd3
Nf8 16. Nge2 h4 17. O-O h3 18. g3 Ne6 19. Re1 O-O 20. Bc2 Ng5 21. Qd3 Qf3 22.
Nf4 Qxd3 23. Bxd3 Nf3+ 24. Kf1 Nxh2+ 25. Ke2 Re8+ 26. Kd1 Rxe1+ 27. Kxe1 Nf3+
0-1

[Event "4NCL/Div1/HKF1 vs. AD"]
[Site "Sunningdale ENG"]
[Date "2008.05.03"]
[Round "9.4"]
[White "Cernousek, Lukas"]
[Black "Briscoe, Christopher"]
[Result "1-0"]
[WhiteElo "2435"]
[BlackElo "2259"]
[PlyCount "57"]
[EventDate "2008.05.03"]
[EventCountry "ENG"]
[SourceDate "2007.09.15"]

1. d4 Nf6 2. c4 e6 3. Nf3 b6 4. g3 Ba6 5. Qc2 c5 6. d5 exd5 7. cxd5 Bd6 8. Bg2
O-O 9. O-O Re8 10. Nc3 Bf8 11. a4 d6 12. Re1 Bb7 13. e4 Na6 14. Bf4 Nb4 15. Qd2
a6 16. Rad1 Ra7 17. h3 h6 18. g4 Ba8 19. Bg3 g5 20. Nh2 c4 21. Bf1 Rc7 22. Nf3
Nd7 23. Nb1 Nd3 24. Bxd3 cxd3 25. Nc3 Nc5 26. b4 Nb3 27. Qxd3 a5 28. Nb5 Qf6
29. Nxc7 1-0

[Event "4NCL/Div1/HKF1 vs. AD"]
[Site "Sunningdale ENG"]
[Date "2008.05.03"]
[Round "9.6"]
[White "Snape, Ian"]
[Black "Tavoularis, Nicholas"]
[Result "1-0"]
[WhiteElo "2212"]
[BlackElo "2184"]
[PlyCount "49"]
[EventDate "2008.05.03"]
[EventCountry "ENG"]
[SourceDate "2007.09.15"]

1. e4 c5 2. Nf3 d6 3. d4 cxd4 4. Nxd4 Nf6 5. Nc3 Nc6 6. Bg5 e6 7. Qd2 a6 8.
O-O-O h6 9. Bxf6 Qxf6 10. Nb3 Bd7 11. f4 Qd8 12. h4 Na5 13. Nxa5 Qxa5 14. Bc4
Qc7 15. Bb3 Rc8 16. f5 Be7 17. g4 Qa5 18. Kb1 Qe5 19. g5 Rc5 20. a3 hxg5 21.
hxg5 Rxh1 22. Rxh1 exf5 23. exf5 Qxf5 24. Rh8+ Bf8 25. Qxd6 1-0

[Event "4NCL/Div1/HKF1 vs. AD"]
[Site "Sunningdale ENG"]
[Date "2008.05.03"]
[Round "9.7"]
[White "Andersson, Christin"]
[Black "Anderton, David"]
[Result "0-1"]
[WhiteElo "2173"]
[BlackElo "2239"]
[PlyCount "138"]
[EventDate "2008.05.03"]
[EventCountry "ENG"]
[SourceDate "2007.09.15"]

1. e4 e6 2. d4 d5 3. Bd3 dxe4 4. Bxe4 Nf6 5. Bg5 c5 6. Bxf6 Qxf6 7. Nf3 Nc6 8.
c3 cxd4 9. Nxd4 Nxd4 10. Qxd4 Qxd4 11. cxd4 Bb4+ 12. Nc3 O-O 13. O-O Rd8 14.
Rfd1 Rb8 15. a3 Bxc3 16. bxc3 b6 17. Rac1 Bb7 18. f3 Kf8 19. Kf2 Ke7 20. Ke3
Ba6 21. Bd3 Bxd3 22. Kxd3 Rd7 23. Re1 Rbd8 24. f4 g6 25. g4 Rd5 26. Re3 h5 27.
h3 Ra5 28. Ra1 hxg4 29. hxg4 Rh8 30. c4 Rh4 31. Rg3 Kd6 32. Kc3 Rh2 33. Rf3 Rg2
34. g5 Rf5 35. Raf1 Ra2 36. Kb3 Re2 37. R1f2 Re4 38. Kc3 Ra5 39. Ra2 Rf5 40.
Raf2 Ra5 41. Ra2 Re1 42. a4 Rc1+ 43. Kd3 Rd1+ 44. Kc3 Rc1+ 45. Kd3 Rb1 46. Kc3
b5 47. c5+ Kd5 48. Kc2 Rb4 49. Rc3 bxa4 50. c6 Rb8 51. Kd3 Rc8 52. Rca3 Rxc6
53. Rxa4 Rxa4 54. Rxa4 a6 55. Ra5+ Kd6 56. Ke4 Kc7 57. Ke5 Kb6 58. Ra1 a5 59.
Rb1+ Ka6 60. d5 exd5 61. Kxd5 Rb6 62. Ra1 Rb4 63. Rf1 a4 64. Kc5 Ka5 65. Kc6
Rb5 66. Ra1 Rf5 67. Rb1 a3 68. Rb8 Ka4 69. Ra8+ Ra5 0-1

[Event "4NCL/Div1/HKF1 vs. AD"]
[Site "Sunningdale ENG"]
[Date "2008.05.03"]
[Round "9.8"]
[White "Bellin, Jana"]
[Black "Jiretorn, Eva"]
[Result "1/2-1/2"]
[WhiteElo "2170"]
[BlackElo "2155"]
[PlyCount "83"]
[EventDate "2008.05.03"]
[EventCountry "ENG"]
[SourceDate "2007.09.15"]

1. d4 Nf6 2. Nf3 g6 3. c4 Bg7 4. Nc3 O-O 5. Bg5 h6 6. Bh4 d6 7. e3 c6 8. Be2 a6
9. O-O b5 10. Rc1 Bb7 11. Nd2 Nbd7 12. Qc2 Rc8 13. Rfd1 Rc7 14. Bg3 bxc4 15.
Nxc4 c5 16. d5 h5 17. Na5 Qa8 18. e4 Qa7 19. Nc4 Rcc8 20. h3 Ne8 21. Bh4 Ndf6
22. Bg5 Nc7 23. Qa4 Rcd8 24. b4 cxb4 25. Qxb4 Nxe4 26. Nxe4 Nxd5 27. Qa5 f6 28.
Bh4 Nf4 29. Bf3 Bxe4 30. Bxe4 Ne2+ 31. Kh2 Nxc1 32. Qd5+ e6 33. Qxe6+ Qf7 34.
Qxf7+ Rxf7 35. Nxd6 Rc7 36. Bxg6 Ne2 37. Bxh5 Rc2 38. Bf7+ Kf8 39. Bb3 Rc6 40.
Nf5 Rxd1 41. Bxd1 Nc1 42. Bf3 1/2-1/2

[Event "4NCL/Div1/SLOS1 vs. RIC"]
[Site "Sunningdale ENG"]
[Date "2008.05.03"]
[Round "9.1"]
[White "Rendle, Thomas E"]
[Black "Gormally, Daniel W"]
[Result "1/2-1/2"]
[WhiteElo "2366"]
[BlackElo "2508"]
[PlyCount "26"]
[EventDate "2008.05.03"]
[EventCountry "ENG"]
[SourceDate "2007.09.15"]

1. e4 c5 2. Nf3 d6 3. c3 Nf6 4. Be2 g6 5. O-O Bg7 6. Bb5+ Bd7 7. Bxd7+ Qxd7 8.
Re1 Nc6 9. d4 cxd4 10. cxd4 d5 11. e5 Ne4 12. Nc3 Nxc3 13. bxc3 O-O 1/2-1/2

[Event "4NCL/Div1/SLOS1 vs. RIC"]
[Site "Sunningdale ENG"]
[Date "2008.05.03"]
[Round "9.2"]
[White "Bates, Richard A"]
[Black "Jessel, Stephen"]
[Result "1/2-1/2"]
[WhiteElo "2382"]
[BlackElo "2300"]
[PlyCount "44"]
[EventDate "2008.05.03"]
[EventCountry "ENG"]
[SourceDate "2007.09.15"]

1. d4 e6 2. Nf3 d5 3. c4 c6 4. Qc2 Nf6 5. g3 dxc4 6. Qxc4 b5 7. Qc2 Bb7 8. Bg2
Nbd7 9. a4 a6 10. O-O c5 11. Bg5 Qb6 12. axb5 axb5 13. Nc3 Rxa1 14. Rxa1 cxd4
15. Nxb5 Qxb5 16. Bxf6 gxf6 17. Nxd4 Qb6 18. Bxb7 Qxd4 19. Rd1 Qc5 20. Qa4 Bd6
21. Bc6 Ke7 22. Bxd7 Rb8 1/2-1/2